000 nam a22 7a 4500
999 _c233232
_d233232
003 Nust
005 20170306093736.0
008 170306b xxu||||| |||| 00| 0 eng d
040 _cDLC
082 _a891.4398 JAV
245 _aزیروپوائنٹ
_cجاوید چودھری
260 _aLahore :
300 _a320p. :
_c25cm
942 _2ddc
_cBK